000 00366nam a22001217a 4500
082 _a200 THE
100 _aMuhammad Umar Farooq
_915722
245 _aTH-SOF-1025-EMPLOYEE'S BEHAVIOR TOWARDS JOB UNCERTAINTIES IN
260 _aISLAMABAD
_bNUST COLLEGE OF EME
_c2014
650 _aMS-EM-7 MSTHESIS
_969831
700 _aSUPERVISOR Dr. Mazhar Iqbal
_970518
942 _cCF
999 _c577490
_d577490